[Event "Norway Chess - Lampo iniziale"]
[Site "Stavanger"]
[Date "18.04.2016"]
[Round "L6"]
[White "Li, Chao b"]
[Black "Harikrishna, Pentala"]
[Result "0-1"]
[WhiteTitle "GM"]
[BlackTitle "GM"]
[WhiteElo "2755"]
[BlackElo "2763"]
[WhiteFideId "8604436"]
[BlackFideId "5007003"]
[EventDate "2016.04.18"]

1. c4 Nf6 2. Nc3 e6 3. Nf3 d5 4. d4 c5 5. cxd5 Nxd5 6. e4 Nxc3 7. bxc3 cxd4 8.
cxd4 Bb4+ 9. Bd2 Bxd2+ 10. Qxd2 O-O 11. Bc4 Nd7 12. O-O b6 13. Rad1 Bb7 14. Rfe1
Rc8 15. Bb3 Nf6 16. d5 exd5 17. exd5 Rc5 18. Re5 Qd6 19. h3 h6 20. Qf4 Nd7 21.
Re4 Qxf4 22. Rxf4 Nf6 23. d6 Rd8 24. Nh4 Be4 25. Re1 Bc2 26. Bxc2 Rxc2 27. Nf5
Rxa2 28. Nxh6+ gxh6 29. Rxf6 Kg7 30. Rf4 Rxd6 31. Re7 Rf6 32. Rg4+ Kf8 33. Rc7
Rfxf2 34. Rc6 h5 35. Rg5 b5 36. Rc8+ Ke7 37. Rc7+ Kf6 38. Rg3 b4 39. Rc6+ Ke5
40. Rc5+ Kd4 41. Rxh5 a5 42. Rg4+ Kc3 43. Rg3+ Kc4 44. Rg4+ Kb3 45. Rg3+ Ka4 46.
Rgg5 f5 47. Rxf5 Rxg2+ 48. Kf1 Rgc2 49. Rxa5+ Kb3 50. Rxa2 Kxa2 51. Ra5+ Kb2 52.
h4 b3 53. h5 Kc1 54. h6 Rc7 55. Ke2 b2 56. Rb5 b1=Q 0-1

[Event "Norway Chess - Lampo iniziale"]
[Site "Stavanger"]
[Date "18.04.2016"]
[Round "L6"]
[White "Topalov, Veselin"]
[Black "Aronian, Levon"]
[Result "1/2-1/2"]
[WhiteTitle "GM"]
[BlackTitle "GM"]
[WhiteElo "2754"]
[BlackElo "2784"]
[WhiteFideId "2900084"]
[BlackFideId "13300474"]
[EventDate "2016.04.18"]

1. d4 Nf6 2. c4 e6 3. Nf3 d5 4. Nc3 Bb4 5. Qa4+ Nc6 6. a3 Bxc3+ 7. bxc3 O-O 8.
Bg5 h6 9. Bh4 Bd7 10. cxd5 exd5 11. e3 g5 12. Bg3 Ne4 13. Bd3 Ne5 14. Qc2 Nxd3+
15. Qxd3 Bf5 16. Qb5 Qd7 17. Qxb7 Rab8 18. Qa6 Rb6 19. Qa5 c5 20. O-O Rb5 21.
Qa6 Rb6 22. Qa5 Rb5 23. Qa6 Rb6 24. Qa5 1/2-1/2

[Event "Norway Chess - Lampo iniziale"]
[Site "Stavanger"]
[Date "18.04.2016"]
[Round "L7"]
[White "Kramnik, Vladimir"]
[Black "Li, Chao b"]
[Result "1-0"]
[WhiteTitle "GM"]
[BlackTitle "GM"]
[WhiteElo "2801"]
[BlackElo "2755"]
[WhiteFideId "4101588"]
[BlackFideId "8604436"]
[EventDate "2016.04.18"]

1. d4 Nf6 2. Nf3 g6 3. Bg5 Bg7 4. e3 O-O 5. Nbd2 d6 6. Bc4 Nbd7 7. O-O b6 8. a4
a5 9. e4 e5 10. c3 Bb7 11. Re1 Qe7 12. d5 c6 13. dxc6 Bxc6 14. Bb5 Rfc8 15. Qe2
h6 16. Bxf6 Nxf6 17. Nc4 Bxb5 18. axb5 Rab8 19. Red1 Rd8 20. Ne3 d5 21. exd5 Nh5
22. g3 f5 23. Nc4 f4 24. Nfxe5 fxg3 25. hxg3 Qc5 26. Qg4 Nf6 27. Qxg6 Rf8 28.
Ne3 Rbe8 29. Nf5 1-0

[Event "Norway Chess - Lampo iniziale"]
[Site "Stavanger"]
[Date "18.04.2016"]
[Round "L7"]
[White "Giri, Anish"]
[Black "Topalov, Veselin"]
[Result "1/2-1/2"]
[WhiteTitle "GM"]
[BlackTitle "GM"]
[WhiteElo "2790"]
[BlackElo "2754"]
[WhiteFideId "24116068"]
[BlackFideId "2900084"]
[EventDate "2016.04.18"]

1. e4 c5 2. Nf3 Nc6 3. Bb5 e6 4. O-O Nge7 5. Re1 a6 6. Bf1 d5 7. exd5 Nxd5 8. d4
Nf6 9. Be3 Be7 10. c4 cxd4 11. Nxd4 Bd7 12. Nc3 O-O 13. a3 Qc7 14. h3 Rad8 15.
Nf3 Bd6 16. b4 Ne5 17. Nd2 Ng6 18. Qc2 Bh2+ 19. Kh1 Bf4 20. Nde4 Nxe4 21. Nxe4
Bc6 22. b5 Bxb5 23. Qb3 Bxe3 24. cxb5 Bd4 25. Rac1 Qb6 26. Rc2 axb5 27. Bxb5 Nf4
28. a4 Nd5 29. Qf3 Nf6 30. Ng3 Rd6 31. Rec1 Rfd8 32. Kg1 Be5 33. Nf1 Nd5 34. Nd2
Nb4 35. Nc4 Qc7 36. Nxd6 Nxc2 37. Qxf7+ Qxf7 38. Nxf7 Kxf7 39. Rxc2 Rd1+ 40. Bf1
b6 41. g3 Rb1 42. Kg2 Rb2 1/2-1/2

[Event "Norway Chess - Lampo iniziale"]
[Site "Stavanger"]
[Date "18.04.2016"]
[Round "L7"]
[White "Aronian, Levon"]
[Black "Carlsen, Magnus"]
[Result "0-1"]
[WhiteTitle "GM"]
[BlackTitle "GM"]
[WhiteElo "2784"]
[BlackElo "2851"]
[WhiteFideId "13300474"]
[BlackFideId "1503014"]
[EventDate "2016.04.18"]

1. d4 d5 2. c4 e6 3. Nc3 a6 4. cxd5 exd5 5. Nf3 c6 6. e4 dxe4 7. Ng5 Be7 8. Bc4
Nh6 9. Ngxe4 Nf5 10. d5 O-O 11. O-O cxd5 12. Nxd5 Nc6 13. Qh5 Be6 14. Nxe7+ Qxe7
15. Ng5 h6 16. Nxe6 fxe6 17. Bd2 Nfd4 18. Rad1 Rf5 19. Qh3 Rd8 20. Be3 b5 21.
Bxd4 Nxd4 22. Rxd4 Rxd4 23. Qxf5 Rxc4 24. Qd3 Qc5 25. b3 Rc2 26. a4 Rc3 27. Qe4
Qd5 28. Qg6 Qxb3 29. axb5 axb5 30. Ra1 Qa2 31. Rd1 Qd5 32. Qb1 Qb3 33. Rd8+ Kf7
34. Qe1 Qc4 35. Rd7+ Kf6 36. Rd1 b4 37. h3 b3 38. Qd2 Kg6 39. Re1 Rc2 40. Qd7 b2
41. Rxe6+ Kh7 42. Re1 Rc1 43. Qf5+ Kh8 0-1

[Event "Norway Chess - Lampo iniziale"]
[Site "Stavanger"]
[Date "18.04.2016"]
[Round "L7"]
[White "Eljanov, Pavel"]
[Black "Grandelius, Nils"]
[Result "1-0"]
[WhiteTitle "GM"]
[BlackTitle "GM"]
[WhiteElo "2765"]
[BlackElo "2649"]
[WhiteFideId "14102951"]
[BlackFideId "1710400"]
[EventDate "2016.04.18"]

1. d4 Nf6 2. Nf3 g6 3. Bg5 Bg7 4. c3 O-O 5. Nbd2 d6 6. e3 c5 7. Bd3 Nc6 8. O-O
b6 9. e4 h6 10. Bxf6 Bxf6 11. d5 Nb8 12. Re1 Bg7 13. a4 a6 14. Nc4 Bg4 15. h3
Bxf3 16. Qxf3 Nd7 17. Qe2 b5 18. Nd2 c4 19. Bc2 Rb8 20. Nf3 Qb6 21. Red1 bxa4
22. Rdb1 Rfc8 23. Bxa4 Nf6 24. Nd4 Rc7 25. Nc6 Rbc8 26. Qxc4 Nh5 27. Nxe7+ Rxe7
28. Qxc8+ Kh7 29. Bc2 Nf4 30. Qg4 Be5 31. h4 Nh5 32. Bd3 Nf6 33. Qf3 a5 34. g3
Nd7 35. Kg2 Bg7 36. Bc2 Ne5 37. Qe2 Rc7 38. h5 g5 39. f4 gxf4 40. gxf4 Nc4 41.
Re1 Qxb2 42. e5+ Kh8 43. Rab1 Qxc3 44. Rb8+ Bf8 45. Rxf8+ Kg7 46. Ra8 Nb6 47.
Qg4# 1-0

[Event "Norway Chess - Lampo iniziale"]
[Site "Stavanger"]
[Date "18.04.2016"]
[Round "L8"]
[White "Aronian, Levon"]
[Black "Giri, Anish"]
[Result "1/2-1/2"]
[WhiteTitle "GM"]
[BlackTitle "GM"]
[WhiteElo "2784"]
[BlackElo "2790"]
[WhiteFideId "13300474"]
[BlackFideId "24116068"]
[EventDate "2016.04.18"]

1. d4 Nf6 2. Nf3 g6 3. c4 Bg7 4. g3 c5 5. Bg2 cxd4 6. Nxd4 O-O 7. O-O d5 8. cxd5
Nxd5 9. Nb5 Be6 10. Nd4 Bc8 11. Nb5 Be6 12. Nd4 Bc8 1/2-1/2

[Event "Norway Chess - Lampo iniziale"]
[Site "Stavanger"]
[Date "18.04.2016"]
[Round "L8"]
[White "Carlsen, Magnus"]
[Black "Li, Chao b"]
[Result "1-0"]
[WhiteTitle "GM"]
[BlackTitle "GM"]
[WhiteElo "2851"]
[BlackElo "2755"]
[WhiteFideId "1503014"]
[BlackFideId "8604436"]
[EventDate "2016.04.18"]

1. c4 g6 2. Nf3 Bg7 3. g3 Nf6 4. Bg2 c5 5. Nc3 O-O 6. d4 d5 7. cxd5 Nxd5 8. O-O
cxd4 9. Nxd4 Nxc3 10. bxc3 Nc6 11. Nxc6 bxc6 12. Be3 Qa5 13. Bxc6 Rb8 14. Qd5
Qxc3 15. Rac1 Qb2 16. Bxa7 Bh3 17. Rfe1 Rbc8 18. Be3 Be6 19. Qc5 Qxa2 20. Qxe7
Bb2 21. Rc5 Ba3 22. Qf6 Rfd8 23. Ra5 Qb2 24. Qxb2 Bxb2 25. Rb1 Rxc6 26. Rxb2 Bh3
27. Ra1 Rcd6 28. Rbb1 Bg4 29. f3 Bf5 30. Rb2 Bh3 31. Kf2 h5 32. Bg5 Re8 33. Bf4
Rc6 34. Ra7 Kg7 35. Rbb7 Be6 36. Be3 Rd8 37. Ra4 Rcd6 38. Rbb4 R8d7 39. Bd4+ f6
40. e4 Rc6 41. Ke3 Rc2 42. Ra6 Bc4 43. Bxf6+ Kf7 44. Rc6 Re2+ 45. Kf4 Be6 46.
Kg5 Rxh2 47. Rbb6 Ba2 48. Be5 Rf2 49. Rf6+ Ke7 50. Bd6+ Rxd6 51. Rbxd6 Rg2 52.
Rxg6 Rxg3+ 53. Kf4 1-0

[Event "Norway Chess - Lampo iniziale"]
[Site "Stavanger"]
[Date "18.04.2016"]
[Round "L8"]
[White "Grandelius, Nils"]
[Black "Harikrishna, Pentala"]
[Result "0-1"]
[WhiteTitle "GM"]
[BlackTitle "GM"]
[WhiteElo "2649"]
[BlackElo "2763"]
[WhiteFideId "1710400"]
[BlackFideId "5007003"]
[EventDate "2016.04.18"]

1. c4 e6 2. g3 d5 3. Bg2 Nf6 4. Nf3 dxc4 5. Qa4+ Nbd7 6. Qxc4 c5 7. Qc2 Rb8 8.
O-O b6 9. d4 Bb7 10. Rd1 Rc8 11. Nc3 a6 12. Bg5 cxd4 13. Nxd4 Bxg2 14. Kxg2 Qc7
15. Rac1 Qb7+ 16. Nf3 Be7 17. Bf4 b5 18. Qd2 Nb6 19. b3 O-O 20. Bd6 Rfd8 21. Qf4
Nbd5 22. Nxd5 Nxd5 23. Rxd5 exd5 24. Rxc8 Rxc8 25. Be5 f6 26. Bd4 Qd7 27. Qd2 h5
28. h3 Qe6 29. e3 Qe4 30. Qa5 Qe6 31. a4 bxa4 32. Qxa4 g5 33. Ba1 Kf7 34. Qa2
Qe4 35. Qxa6 Rc2 36. Bd4 g4 37. hxg4 hxg4 0-1

[Event "Norway Chess - Lampo iniziale"]
[Site "Stavanger"]
[Date "18.04.2016"]
[Round "L8"]
[White "Topalov, Veselin"]
[Black "Eljanov, Pavel"]
[Result "1/2-1/2"]
[WhiteTitle "GM"]
[BlackTitle "GM"]
[WhiteElo "2754"]
[BlackElo "2765"]
[WhiteFideId "2900084"]
[BlackFideId "14102951"]
[EventDate "2016.04.18"]

1. c4 c6 2. b3 d5 3. Bb2 Bg4 4. h3 Bh5 5. d3 e6 6. Nd2 Nf6 7. Ngf3 Bxf3 8. Nxf3
Qa5+ 9. Nd2 Ba3 10. Bxa3 Qxa3 11. e3 O-O 12. Be2 a5 13. Qc1 Qe7 14. a3 e5 15.
O-O Na6 16. Re1 Rfd8 17. Qb2 e4 18. d4 Nc7 19. b4 axb4 20. axb4 Ne6 21. b5 g6
22. Rec1 h5 23. Ra2 Qe8 24. Rca1 Kg7 25. Ra7 Rxa7 26. Rxa7 cxb5 27. cxd5 Rxd5
28. Rxb7 Qc8 29. Rxb5 Rxb5 30. Qxb5 Qc1+ 31. Nf1 Nc7 32. Qe5 Nd5 33. g4 hxg4 34.
hxg4 Qc7 35. Ng3 Qxe5 36. dxe5 Nd7 37. e6 fxe6 38. Nxe4 e5 39. Kg2 N7f6 40. Nc5
Nc7 41. g5 Nh7 42. f4 exf4 43. exf4 Nf8 44. Bg4 Kf7 45. Kf3 Nb5 46. Ke3 Nc7 47.
Ke4 Nb5 48. Ke5 Nc7 49. Ne4 Nb5 50. Nd6+ Nxd6 51. Kxd6 Kg7 52. Ke7 Nh7 53. Be6
Nf8 54. Bc4 Nh7 55. Be6 Nf8 56. Bg4 Nh7 57. Ke6 Nf8+ 58. Ke5 Nh7 59. Bh3 Nf8 60.
Bg4 Nh7 61. Ke4 1/2-1/2

[Event "Norway Chess - Lampo iniziale"]
[Site "Stavanger"]
[Date "18.04.2016"]
[Round "L9"]
[White "Kramnik, Vladimir"]
[Black "Grandelius, Nils"]
[Result "1/2-1/2"]
[WhiteTitle "GM"]
[BlackTitle "GM"]
[WhiteElo "2801"]
[BlackElo "2649"]
[WhiteFideId "4101588"]
[BlackFideId "1710400"]
[EventDate "2016.04.18"]

1. d4 Nf6 2. Nf3 g6 3. Bg5 Bg7 4. e3 O-O 5. Nbd2 d6 6. c3 b6 7. Bd3 c5 8. O-O
Nc6 9. Qe2 Bb7 10. Rfd1 Qc7 11. Rac1 Rad8 12. b4 cxb4 13. cxb4 Qb8 14. a3 Rc8
15. h3 Qa8 16. e4 e6 17. Qe3 Rfe8 18. Bh6 Bh8 19. Nc4 Rcd8 20. e5 Nd5 21. Qe1
dxe5 22. dxe5 Rd7 23. Be4 Red8 24. Bg5 Rf8 25. b5 Na5 26. Nxa5 bxa5 27. Qxa5 Rb8
28. a4 Bg7 29. Nd4 Bxe5 30. Nc6 Bxc6 31. bxc6 Bc7 32. Qc5 Rd6 33. Bxd5 exd5 34.
Rxd5 Rxd5 35. Qxd5 Re8 36. Qd7 Qb8 37. g3 Re6 38. Kg2 Rd6 39. Qg4 Qe8 40. Be3
Rxc6 41. Rd1 Re6 42. Qc4 Bb6 43. Bxb6 axb6 44. Qd4 Qe7 45. Qd8+ Qxd8 46. Rxd8+
Kg7 1/2-1/2

[Event "Norway Chess - Lampo iniziale"]
[Site "Stavanger"]
[Date "18.04.2016"]
[Round "L9"]
[White "Giri, Anish"]
[Black "Carlsen, Magnus"]
[Result "1-0"]
[WhiteTitle "GM"]
[BlackTitle "GM"]
[WhiteElo "2790"]
[BlackElo "2851"]
[WhiteFideId "24116068"]
[BlackFideId "1503014"]
[EventDate "2016.04.18"]

1. e4 e5 2. Nf3 Nc6 3. Bb5 Nf6 4. d3 Bc5 5. Bxc6 dxc6 6. Nbd2 Be6 7. O-O Nd7 8.
Nb3 Bb6 9. Ng5 Bxb3 10. axb3 Qe7 11. Bd2 O-O-O 12. b4 Kb8 13. c4 Bd4 14. Nf3 Nf8
15. Qa4 a6 16. b5 cxb5 17. cxb5 Qd7 18. bxa6 Qxa4 19. Rxa4 Ne6 20. axb7 Nc5 21.
Ra3 Bxb2 22. Ra2 Nxd3 23. Rb1 c5 1-0

[Event "Norway Chess - Lampo iniziale"]
[Site "Stavanger"]
[Date "18.04.2016"]
[Round "L9"]
[White "Harikrishna, Pentala"]
[Black "Topalov, Veselin"]
[Result "1-0"]
[WhiteTitle "GM"]
[BlackTitle "GM"]
[WhiteElo "2763"]
[BlackElo "2754"]
[WhiteFideId "5007003"]
[BlackFideId "2900084"]
[EventDate "2016.04.18"]

1. Nf3 Nf6 2. d4 d5 3. Bf4 c5 4. e3 cxd4 5. exd4 Nc6 6. c3 Bf5 7. Qb3 Qc8 8. Na3
a6 9. Nh4 Be4 10. f3 Bg6 11. Nxg6 hxg6 12. Nc2 e6 13. Bg3 Be7 14. Ne3 b5 15. a3
Na5 16. Qc2 Nc4 17. Bxc4 bxc4 18. O-O Nh5 19. Rae1 Nxg3 20. hxg3 Qc7 21. f4 f5
22. Rf2 Kf7 23. Rfe2 Bf6 24. Nf1 Rae8 25. Nd2 g5 26. fxg5 Bxg5 27. Kf2 f4 28.
Nf3 fxg3+ 29. Kg1 Qf4 30. Qa4 Bf6 31. Qxa6 Qg4 32. Qd6 Rh6 33. Re3 Reh8 34. Kf1
Rh1+ 35. Ke2 Rxe1+ 36. Kxe1 Qf5 37. Qd7+ Kg6 38. Qxe6 Qb1+ 39. Ke2 Qxb2+ 40. Nd2
Qc2 41. Rxg3+ Kh7 42. Rh3+ Kg6 43. Rxh8 1-0

[Event "Norway Chess - Lampo iniziale"]
[Site "Stavanger"]
[Date "18.04.2016"]
[Round "L9"]
[White "Eljanov, Pavel"]
[Black "Aronian, Levon"]
[Result "1/2-1/2"]
[WhiteTitle "GM"]
[BlackTitle "GM"]
[WhiteElo "2765"]
[BlackElo "2784"]
[WhiteFideId "14102951"]
[BlackFideId "13300474"]
[EventDate "2016.04.18"]

1. d4 Nf6 2. Nf3 d5 3. c4 e6 4. g3 Be7 5. Bg2 O-O 6. O-O dxc4 7. Qc2 a6 8. a4
Bd7 9. Qxc4 Bc6 10. Bg5 a5 11. Nc3 Na6 12. Bxf6 Bxf6 13. e4 Nb4 14. Rad1 g6 15.
h4 Bg7 16. Rfe1 Qd7 17. b3 Rad8 18. Qe2 Qe7 19. Rd2 Bh6 20. Rdd1 Bg7 21. Rd2 Bh6
22. Rdd1 Bg7 23. Rd2 1/2-1/2

[Event "Norway Chess"][Site "Stavanger"][Date "19.04.2016"]
[Round "1"]
[White "Kramnik,V"]
[Black "Grandelius,N"]
[Result "1-0"]
[WhiteElo "2801"]
[BlackElo "2649"]
[EventDate "2016.04.18"]

1. d4 Nf6 2. Bf4 d5 3. e3 e6 4. c3 c5 5. Nd2 Nc6 6. Bd3 Bd6 7. Bxd6 Qxd6 8.
f4 cxd4 9. cxd4 O-O 10. a3 Ne7 11. Ngf3 Qb6 12. Qb3 Qxb3 13. Nxb3 b6 14.
Rc1 Bd7 15. Ke2 Nc8 16. Ne5 Ba4 17. Nd2 Nd6 18. b3 Bb5 19. Bxb5 Nxb5 20. a4
Nd6 21. Rc6 Rfd8 22. Ra1 Nfe8 23. a5 f6 24. axb6 axb6 25. Rxa8 Rxa8 26. Nd7
b5 27. Nc5 Kf7 28. e4 dxe4 29. Ndxe4 Nxe4 30. Nxe4 Ra2+ 31. Kf3 Rb2 32. Nc5
g5 33. Rb6 gxf4 34. Rb7+ Kg6 35. Nxe6 Kf5 36. Nc5 Rc2 37. Ne4 Nc7 38. Rb6
Nd5 39. Rd6 1-0

[Event "Norway Chess"][Site "Stavanger"][Date "19.04.2016"]
[Round "1"]
[White "Carlsen,M"]
[Black "Harikrishna,P"]
[Result "1-0"]
[WhiteElo "2851"]
[BlackElo "2763"]
[EventDate "2016.04.18"]

1. d4 Nf6 2. c4 e6 3. Nf3 b6 4. g3 Ba6 5. Nbd2 Bb4 6. Qa4 c5 7. a3 Bxd2+ 8.
Bxd2 O-O 9. dxc5 bxc5 10. Bg2 Qb6 11. O-O Nc6 12. Be3 Rfc8 13. Rfd1 d5 14.
cxd5 exd5 15. Bxc5 Qa5 16. Qc2 Bxe2 17. Qxe2 Qxc5 18. Rac1 Qb6 19. b4 h6
20. Qe3 Qb7 21. Bh3 Re8 22. Qc3 Ne7 23. Nd4 Ne4 24. Qc7 Qa6 25. f3 Ng5 26.
Bd7 Red8 27. h4 Nxf3+ 28. Nxf3 Qxa3 29. Kg2 Qb2+ 30. Rd2 Qxb4 31. Re1 a5
32. Rde2 Ng6 33. h5 Nh8 34. Bf5 a4 35. Ne5 Qd6 36. Qc2 Re8 37. Bh7+ Kf8 38.
Qf5 Re7 39. Bg6 Kg8 40. Nxf7 Rxf7 41. Bxf7+ 1-0

[Event "Norway Chess"][Site "Stavanger"][Date "19.04.2016"]
[Round "1"]
[White "Giri,A"]
[Black "Eljanov,P"]
[Result "1-0"]
[WhiteElo "2790"]
[BlackElo "2765"]
[EventDate "2016.04.18"]

1. e4 e5 2. Nf3 Nc6 3. Bc4 Bc5 4. O-O Nf6 5. d3 d6 6. c3 O-O 7. Re1 a5 8.
Bg5 h6 9. Bh4 g5 10. Bg3 Ba7 11. Na3 Bg4 12. h3 Bh5 13. Nc2 Bg6 14. Bh2 Nh5
15. d4 Nf6 16. dxe5 Nxe4 17. Ne3 Nxe5 18. Nxe5 dxe5 19. Ng4 h5 20. Rxe4
Bxe4 21. Qxd8 Rfxd8 22. Nf6+ Kg7 23. Nxe4 f6 24. g4 h4 25. a4 c6 26. Kf1
Kg6 27. Ke2 Rab8 28. Be6 Kg7 29. f3 Re8 30. Bc4 Red8 31. Bd3 Kf7 32. Nd2
Ke7 33. Nc4 Rd5 34. Be4 Rc5 35. Nd2 b5 36. Bg1 1-0

[Event "Norway Chess"][Site "Stavanger"][Date "19.04.2016"]
[Round "1"]
[White "Aronian,L"]
[Black "Topalov,V"]
[Result "1/2-1/2"]
[WhiteElo "2784"]
[BlackElo "2754"]
[EventDate "2016.04.18"]

1. c4 e5 2. Nc3 Nf6 3. Nf3 Nc6 4. g3 d5 5. cxd5 Nxd5 6. Bg2 Nb6 7. O-O Be7
8. d3 O-O 9. Be3 Be6 10. Rc1 Nd5 11. Nxd5 Bxd5 12. Qa4 Re8 13. Rfd1 a6 14.
a3 Bf6 15. Nd2 Bxg2 16. Kxg2 Nd4 17. Bxd4 exd4 18. Ne4 c6 19. b4 Be7 20.
Qb3 Qb6 21. Rc4 Rad8 22. Rb1 Rd5 23. a4 Qd8 24. Qb2 f5 25. Nd2 Bf6 26. Nf3
g5 27. Rc5 g4 28. Ne1 Be7 29. Rxd5 Qxd5+ 30. Kg1 Bg5 31. Ng2 Re5 32. Nf4
Qd6 33. b5 axb5 34. axb5 cxb5 35. Qa2+ Kg7 36. Nh5+ Kh6 37. Nf4 Bxf4 38.
gxf4 Qe6 39. Qxe6+ Rxe6 40. Rxb5 Rxe2 41. Rb6+ Kh5 42. Rxb7 Rd2 43. Rxh7+
Kg6 44. Rd7 Rxd3 45. Kf1 Rh3 46. Rxd4 Rxh2 1/2-1/2

[Event "Norway Chess"][Site "Stavanger"][Date "20.04.2016"]
[Round "2"]
[White "Grandelius,N"]
[Black "Aronian,L"]
[Result "1/2-1/2"]
[WhiteElo "2649"]
[BlackElo "2784"]
[EventDate "2016.04.18"]

1. e4 e5 2. Nf3 Nc6 3. Bb5 Nf6 4. d3 Bc5 5. Nbd2 O-O 6. Bxc6 bxc6 7. Nxe5
Re8 8. Nef3 d5 9. O-O Bg4 10. h3 Bh5 11. Qe2 h6 12. Re1 a5 13. Qf1 a4 14.
e5 Nd7 15. d4 Bb6 16. c4 Nf8 17. c5 Ba5 18. Re3 Ne6 19. g4 Bg6 20. a3 f5
21. b4 axb3 22. Nxb3 fxg4 23. hxg4 Rf8 24. Nh2 Be4 25. Rg3 Qe7 26. Ra2 g5
27. Rb2 Qh7 28. Qd1 Qf7 29. Qe2 Qg6 30. Qd1 Qf7 31. Qe2 Qg6 32. Qd1 1/2-1/2

[Event "Norway Chess"][Site "Stavanger"][Date "20.04.2016"]
[Round "2"]
[White "Li Chao"]
[Black "Kramnik,V"]
[Result "1/2-1/2"]
[WhiteElo "2755"]
[BlackElo "2801"]
[EventDate "2016.04.18"]

1. e4 e5 2. Nc3 Nf6 3. g3 Bc5 4. Bg2 c6 5. Nge2 d5 6. exd5 cxd5 7. d4 exd4
8. Nxd4 O-O 9. O-O Bg4 10. Qd3 Bxd4 11. Qxd4 Nc6 12. Qc5 d4 13. h3 Bxh3 14.
Bxh3 dxc3 15. bxc3 Re8 16. Qb5 Qa5 17. a4 Qxc3 18. Bb2 Qxc2 19. Rac1 Qe2
20. Bg2 Qe7 21. Bxf6 Qxf6 22. Qxb7 Nd4 23. Rfe1 h5 24. Qxa8 Rxa8 25. Bxa8
h4 26. Rc8+ Kh7 27. Be4+ g6 28. gxh4 Qe6 29. Re8 Qg4+ 30. Kf1 Qxh4 31. Re7
Qh3+ 32. Kg1 Qg4+ 33. Kf1 Qh3+ 34. Kg1 Kg7 35. Bd5 Qg4+ 36. Kf1 Qh3+ 37.
Kg1 Nf3+ 38. Bxf3 Qxf3 39. Rxa7 Qg4+ 40. Kf1 Qh3+ 41. Kg1 Qg4+ 42. Kf1 Qh3+
1/2-1/2

[Event "Norway Chess"][Site "Stavanger"][Date "20.04.2016"]
[Round "2"]
[White "Giri,A"]
[Black "Vachier Lagrave,M"]
[Result "0-1"]
[WhiteElo "2790"]
[BlackElo "2788"]
[EventDate "2016.04.18"]

1. e4 c5 2. Nf3 d6 3. d4 cxd4 4. Nxd4 Nf6 5. Nc3 a6 6. Bg5 e6 7. f4 h6 8.
Bh4 Qb6 9. a3 Be7 10. Bf2 Qc7 11. Qf3 Nbd7 12. O-O-O b5 13. g4 g5 14. h4
gxf4 15. Be2 Rg8 16. Rdg1 d5 17. exd5 Ne5 18. Qh3 exd5 19. Re1 Kf8 20. Nf5
Bxf5 21. gxf5 Bc5 22. Qf1 d4 23. Nb1 Ne4 24. Bf3 Nxf2 25. Bxa8 Ned3+ 26.
Kd2 Nxe1 27. Qxf2 d3 28. Qxe1 Be3+ 0-1

[Event "Norway Chess"][Site "Stavanger"][Date "20.04.2016"]
[Round "2"]
[White "Topalov,V"]
[Black "Carlsen,M"]
[Result "1/2-1/2"]
[WhiteElo "2754"]
[BlackElo "2851"]
[EventDate "2016.04.18"]

1. d4 Nf6 2. c4 e6 3. Nf3 d5 4. Nc3 Nbd7 5. Qc2 c6 6. cxd5 exd5 7. Bf4 Nh5
8. g3 Nxf4 9. gxf4 Nb6 10. e3 g6 11. h4 Bb4 12. Bd3 Bg4 13. Ne5 Bh5 14. Be2
Bxe2 15. Kxe2 f6 16. Nd3 Bxc3 17. Qxc3 Qe7 18. Qc5 Nc4 19. Qxe7+ Kxe7 20.
h5 Rag8 21. hxg6 hxg6 22. a4 a5 23. b3 Nd6 24. Rag1 Kf7 25. Rc1 Rh5 26.
Rhg1 Rh2 27. Rh1 Rh5 28. Rhg1 Rh2 29. Rh1 Rh5 1/2-1/2

[Event "Norway Chess"][Site "Stavanger"][Date "20.04.2016"]
[Round "2"]
[White "Eljanov,P"]
[Black "Harikrishna,P"]
[Result "1/2-1/2"]
[WhiteElo "2765"]
[BlackElo "2763"]
[EventDate "2016.04.18"]

1. d4 Nf6 2. c4 e6 3. Nc3 Bb4 4. f3 c5 5. d5 b5 6. e4 O-O 7. Nh3 d6 8. Nf4
e5 9. Nfe2 Nh5 10. g4 Qh4+ 11. Kd2 Nf4 12. Nxf4 exf4 13. Kc2 bxc4 14. Bxf4
Qf6 15. Qd2 Nd7 16. Be2 Qe7 17. Bxc4 Rb8 18. b3 Nb6 19. Qd3 Bd7 20. Bd2
Nxc4 21. bxc4 Rb6 22. Rhb1 Rfb8 23. a3 Bxc3 24. Bxc3 Ba4+ 25. Kc1 h5 26.
Rxb6 Rxb6 27. Rb1 hxg4 28. f4 Rxb1+ 29. Kxb1 Qb7+ 30. Bb2 Qb3 31. Qxb3 Bxb3
32. e5 dxe5 33. d6 Kf8 34. Bxe5 g6 35. d7 Ke7 36. Kb2 Bxc4 37. Kc3 Bb5 38.
Bd6+ Kxd7 39. Bxc5 Ke6 40. Kd4 a6 41. Ke3 Bc6 42. Bb4 Bb5 43. Bc5 Bc6 44.
Bb4 Bb5 45. Bc5 1/2-1/2

[Event "Norway Chess"][Site "Stavanger"][Date "21.04.2016"]
[Round "3"]
[White "Harikrishna,P"]
[Black "Topalov,V"]
[Result "1/2-1/2"]
[WhiteElo "2763"]
[BlackElo "2754"]
[EventDate "2016.04.18"]

1. d4 Nf6 2. c4 e6 3. Nc3 Bb4 4. e3 O-O 5. Bd3 c5 6. Nf3 d5 7. cxd5 exd5 8.
dxc5 Nbd7 9. Bd2 Nxc5 10. Be2 Ne6 11. a3 Be7 12. O-O a6 13. Rc1 b6 14. Na2
Bb7 15. Bc3 Ne4 16. Be5 Bf6 17. Nb4 N4c5 18. Nd3 Bxe5 19. Ndxe5 Qd6 20. Nc4
Qd8 21. Nce5 Qd6 22. Nc4 Qd8 23. Nce5 1/2-1/2

[Event "Norway Chess"][Site "Stavanger"][Date "21.04.2016"]
[Round "3"]
[White "Aronian,L"]
[Black "Li Chao"]
[Result "1/2-1/2"]
[WhiteElo "2784"]
[BlackElo "2755"]
[EventDate "2016.04.18"]

1. Nf3 d5 2. d4 Nf6 3. c4 c6 4. Nc3 g6 5. cxd5 cxd5 6. Bf4 Bg7 7. e3 Nc6 8.
Bb5 Bd7 9. O-O O-O 10. Ne5 Ne4 11. Nxc6 Bxc6 12. Bxc6 Nxc3 13. Qd3 bxc6 14.
Qxc3 Rc8 15. b4 Re8 16. Rac1 f6 17. Rc2 e5 18. Bg3 exd4 19. Qxd4 Re4 20.
Qd2 d4 21. Rd1 f5 22. Qc1 Qb6 23. exd4 Rce8 24. h3 Qxb4 25. Kh2 Rxd4 26.
Rxd4 Qxd4 27. Rxc6 Qa4 28. Rc7 Qxa2 29. Rb7 Qe6 30. Qc7 Qf6 31. Qd7 Rd8 32.
Qa4 Qd4 33. Qa2+ Qd5 34. Qxa7 Bd4 35. Qa6 Rf8 36. Qb5 Qxb5 37. Rxb5 Kg7 38.
Be5+ Bxe5+ 39. Rxe5 Rf7 40. Ra5 Rd7 1/2-1/2

[Event "Norway Chess"][Site "Stavanger"][Date "21.04.2016"]
[Round "3"]
[White "Kramnik,V"]
[Black "Giri,A"]
[Result "1/2-1/2"]
[WhiteElo "2801"]
[BlackElo "2790"]
[EventDate "2016.04.18"]

1. Nf3 d5 2. g3 g6 3. Bg2 Bg7 4. d4 Nf6 5. O-O O-O 6. c4 c6 7. b3 dxc4 8.
bxc4 c5 9. Bb2 cxd4 10. Nxd4 Nc6 11. Nxc6 bxc6 12. Nd2 Qc7 13. Qa4 Rb8 14.
Nb3 c5 15. Ba3 Bd7 16. Qa5 Qxa5 17. Nxa5 Rfc8 18. Nb3 Bg4 19. Bxc5 Rc7 20.
Bd4 Nd7 21. e3 e5 22. Bb2 Rxc4 23. Rfc1 Be6 24. Rxc4 Bxc4 25. Na5 Bd3 26.
Nb3 Bc4 27. Rd1 Nb6 28. Na5 Bxa2 29. Nc6 Re8 30. Ra1 Bd5 31. Bxd5 Nxd5 32.
Rxa7 e4 33. Rd7 Bxb2 34. Rxd5 h5 35. h3 Kg7 36. g4 hxg4 37. hxg4 Rc8 38.
Na7 Rc1+ 39. Kg2 Kf6 40. Rb5 Be5 41. Rb4 Rc7 42. Rb6+ Kg5 43. Nc6 Rxc6 44.
Rxc6 Kxg4 45. Rc4 Kf5 46. f3 exf3+ 47. Kxf3 g5 48. e4+ Ke6 49. Rc6+ Bd6 50.
Ra6 f6 51. Rb6 Kd7 52. Kg4 Ke6 53. Rb5 Bc7 54. Kh5 Bd6 55. Rf5 Be5 56. Kg4
Bf4 57. Rxf4 gxf4 58. Kxf4 Ke7 59. e5 fxe5+ 1/2-1/2